Libray Catalougue (Record no. 229248)
[ view plain ]
| 000 -LEADER | |
|---|---|
| fixed length control field | 00425nam a22001697a 4500 |
| 005 - DATE AND TIME OF LATEST TRANSACTION | |
| control field | 20231120113305.0 |
| 008 - FIXED-LENGTH DATA ELEMENTS--GENERAL INFORMATION | |
| fixed length control field | 231120b ||||| |||| 00| 0 eng d |
| 040 ## - CATALOGING SOURCE | |
| Transcribing agency | AL |
| 041 ## - LANGUAGE CODE | |
| Language code of text/sound track or separate title | eng |
| 082 ## - DEWEY DECIMAL CLASSIFICATION NUMBER | |
| Edition number | 23 |
| Classification number | 020 |
| Item number | SACL |
| 100 ## - MAIN ENTRY--PERSONAL NAME | |
| Personal name | SAC Library |
| 100 ## - MAIN ENTRY--PERSONAL NAME | |
| 9 (RLIN) | 142336 |
| 245 ## - TITLE STATEMENT | |
| Title | Libray Catalougue |
| 260 ## - PUBLICATION, DISTRIBUTION, ETC. | |
| Place of publication, distribution, etc. | Mangalore |
| Name of publisher, distributor, etc. | SAC College |
| Date of publication, distribution, etc. | 1969 |
| 650 ## - SUBJECT ADDED ENTRY--TOPICAL TERM | |
| Topical term or geographic name entry element | Library Catalogue |
| 9 (RLIN) | 142332 |
| 700 ## - ADDED ENTRY--PERSONAL NAME | |
| Personal name | SAC LIBRARY |
| 9 (RLIN) | 142333 |
| 942 ## - ADDED ENTRY ELEMENTS (KOHA) | |
| Source of classification or shelving scheme | Dewey Decimal Classification |
| Koha item type | Book |
| Withdrawn status | Lost status | Source of classification or shelving scheme | Damaged status | Not for loan | Collection code | Home library | Current library | Date acquired | Total Checkouts | Full call number | Barcode | Date last seen | Price effective from | Koha item type |
|---|---|---|---|---|---|---|---|---|---|---|---|---|---|---|
| Dewey Decimal Classification | General | St Aloysius Library | St Aloysius Library | 06/26/1993 | 020 SACL | 047389 | 11/20/2023 | 11/20/2023 | Book | |||||
| Dewey Decimal Classification | General | St Aloysius Library | St Aloysius Library | 11/20/2023 | 020 SACL | 047390 | 11/20/2023 | 11/20/2023 | Book |